Štúdium zmien v expresii génov kódujúcich Ca2+-kanály v Trichoderma atroviride počas rôznych vývojových a rastových podmienok bakalárska práca

Salvato in:
Dettagli Bibliografici
Autore principale: Györiová, Romana
Natura: Libro
Lingua:slovacco
Pubblicazione: Bratislava STU FCHPT 2015
Accesso online:Visualizza in OPAC
Tags: Aggiungi Tag
Nessun Tag, puoi essere il primo ad aggiungerne!!

MARC

LEADER 00000nam a2200000 a 4500
005 20260127134224.0
008 151123 2015 000 0 slo d
035 |a vtls011401731 
039 9 |y 201511231241  |z mschk03 
040 |a STUSCHK1  |b slo  |c STUSCHK1  |e AACR2 
100 1 |a Györiová, Romana 
245 1 |a Štúdium zmien v expresii génov kódujúcich Ca2+-kanály v Trichoderma atroviride počas rôznych vývojových a rastových podmienok  |b bakalárska práca  |c Romana Györiová 
260 |a Bratislava  |b STU FCHPT  |c 2015 
300 |a 46 s.  |b il.  |c 25cm 
500 |a Študijný program: biotechnológia a potravinárska technológia 
500 |a Študijný odbor: biotechnológie 
500 |a Školiace pracovisko: Odd. biochémie a mikrobiológie 
500 |a Evid. číslo: FCHPT-13567-42684 
910 |a SCHK95 
999 |c 7079  |d 7079